|
|
|
|
| LEADER |
00000nam a2200000 a 4500 |
| 001 |
vtls001334060 |
| 003 |
SK-MaSNL |
| 005 |
20260302014529.0 |
| 008 |
240314s1998 xo p r y slo |
| 015 |
|
|
|a SNBA1998/10-03658
|
| 020 |
|
|
|a 8022312177
|
| 035 |
|
|
|a SNK000286994
|
| 035 |
|
|
|a urn:nbn:sk:snk-amtjpx
|
| 035 |
|
|
|a urn:nbn:sk:snk-am00c6b1
|
| 035 |
|
|
|a EE8E5DAD-97ED-4C29-9ECC-3B3FC46019A5
|
| 040 |
|
|
|a SNK
|b slo
|c SNK
|e AACR2
|
| 041 |
0 |
|
|a slo
|
| 044 |
|
|
|a xo
|c SK
|
| 080 |
|
|
|a 617.7-07(075.8)
|2 1981
|
| 100 |
1 |
|
|a Oláh, Zoltán,
|d 1931-2025
|4 aut
|9 248667
|
| 245 |
1 |
0 |
|a Vyšetrovacie metódy v oftalmológii
|c Zoltán Oláh, Anton Gerinec
|
| 260 |
|
|
|a Bratislava
|b Univerzita Komenského
|c 1998
|
| 300 |
|
|
|a 107 s.
|b grafy, fotogr., sch., tab.
|c 29 cm
|
| 500 |
|
|
|a 800 výt.
|
| 650 |
0 |
7 |
|a oftalmológia
|2 SNKPH
|9 910
|
| 650 |
0 |
7 |
|a diagnostika (medicína)
|2 SNKPH
|9 28740
|
| 655 |
|
7 |
|a učebnice vysokých škôl
|2 SNKPH
|9 70191
|
| 700 |
1 |
|
|a Gerinec, Anton,
|d 1947-
|4 aut
|9 113719
|
| 919 |
|
|
|a 80-223-1217-7
|
| 958 |
|
|
|a TL
|
| 958 |
|
|
|a UV
|
| 999 |
|
|
|c 1017253
|d 1019183
|
| 952 |
|
|
|t P60, <03>, [BOOK], {603}
|a SNK
|b SNK
|y PREZ
|7 0
|p 17A0144937
|o snkSB 59051
|i snkKSP 6155/98
|0 0
|1 0
|4 0
|d 1998-06-12
|f 1
|l 0
|r 2025-04-11 00:00:00
|w 2026-02-24
|
| 952 |
|
|
|t P60, <04>, [BOOK], {604}
|a SNK
|b SNK
|y VYP
|7 0
|p 17A0144936
|o snkSB 59051 D1
|i snkKSP 6156/98
|0 0
|1 0
|4 0
|d 1998-06-12
|l 0
|r 2005-01-02 00:00:00
|w 2026-02-24
|